Diccionario histórico de la lengua española / (Record no. 11782)

MARC details
000 -LEADER
campo de control de longitud fija 01521nam a2200253 i 4500
001 - NÚMERO DE CONTROL
campo de control 11782
003 - IDENTIFICADOR DE NÚMERO DE CONTROL
campo de control ES-MaACL
005 - FECHA Y HORA DE LA ÚLTIMA TRANSACCIÓN
campo de control 20240503100005.0
007 - CAMPO FIJO DE DESCRIPCIÓN FÍSICA--INFORMACIÓN GENERAL
campo de control de longitud fija t|
008 - DATOS DE LONGITUD FIJA--INFORMACIÓN GENERAL
campo de control de longitud fija 961028m19609999sp ||||1| spa d
020 ## - NÚMERO INTERNACIONAL ESTÁNDAR DEL LIBRO
Número Internacional Estándar del Libro 600-3782-7
080 ## - NÚMERO DE LA CLASIFICACIÓN DECIMAL UNIVERSAL
Número de la Clasificación Decimal Universal 806.0-321.9
110 2# - ENTRADA PRINCIPAL--NOMBRE DE ENTIDAD CORPORATIVA
Nombre de entidad corporativa o nombre de jurisdicción como elemento de entrada Real Academia Española.
Unidad subordinada Seminario de Lexicografía.
9 (RLIN) 6339
245 10 - MENCIÓN DEL TÍTULO
Título Diccionario histórico de la lengua española /
Mención de responsabilidad, etc. Real Academia Española, Seminario de Lexicografía ; proyectado inicialmente por Julio Casares ; dirigido por Vicente García de Diego ; Seminario de Lexicografía, director, Rafael Lapesa Melgar ; académicos redactores, Salvador Fernández Ramírez ... [et al.].
260 ## - PUBLICACIÓN, DISTRIBUCIÓN, ETC.
Lugar de publicación, distribución, etc. Madrid :
Nombre del editor, distribuidor, etc. Real Academia Española,
Fecha de publicación, distribución, etc. 1960-<1993>
300 ## - DESCRIPCIÓN FÍSICA
Extensión 21 fasc. ;
Dimensiones 33 cm.
505 8# - NOTA DE CONTENIDO CON FORMATO
Nota de contenido con formato T.I: A-Ala -- T.II: fasc.11º (álaba-albricia), 1974 ; 12º (albricia-alexifármaco), 1976 ; 13º (alexifármaco-alitierno), 1977 ; 14º (álito-aloja), 1979 ; 15º (aloja-alzo), 1981 ; 16º (alzo-amenazar), 1984 ; 17º (amenazar-anafrodítico), 1986 ; 18º (anagaça-ángel), 1988 ; 19º (ángel-ante), 1990 ; 20º (ante-antígrafo), 1992 ; fasc. preliminar del t.II: (álaba-antígrafo), 1992 -- T.III: fasc.1º (antigramatical-aonio), 1993
650 14 - PUNTO DE ACCESO ADICIONAL DE MATERIA--TÉRMINO DE MATERIA
Término de materia o nombre geográfico como elemento de entrada Lengua española-
Subdivisión de forma Diccionarios.
9 (RLIN) 14137
700 1# - ENTRADA AGREGADA--NOMBRE PERSONAL
Nombre de persona Casares, Julio,
Fechas asociadas al nombre 1877-1964
9 (RLIN) 36157
700 0# - ENTRADA AGREGADA--NOMBRE PERSONAL
Nombre de persona Lapesa, Rafael,
Fechas asociadas al nombre 1908-2001
9 (RLIN) 70146
700 1# - ENTRADA AGREGADA--NOMBRE PERSONAL
Nombre de persona García de Diego, Vicente,
Fechas asociadas al nombre 1878-1978
9 (RLIN) 54421
852 ## - LOCALIZACIÓN
Ubicación ES-MaACL
Número de control de estantería P-1079
Sublocalización o colección R.58447
Holdings
Estatus retirado Estado de pérdida Estado de daño No para préstamo Colección Biblioteca de origen Biblioteca actual Ubicación en estantería Fecha de adquisición Fuente de adquisición Total de préstamos Signatura topográfica completa Código de barras Visto por última vez Precio de reemplazo Tipo de ítem Koha
        Colección de referencia Biblioteca del Ateneo de Madrid Biblioteca del Ateneo de Madrid Depósito 2 17/01/2008     P-1079 1012007 23/02/2023 23/02/2023 Libro impreso